000 00293nam a22001337a 4500
008 170926b xxu||||| |||| 00| 0 eng d
020 _a9780805828818
041 _aeng
080 _a37
100 _a46
101 _aEDU
245 _aTEACHING YOUNG CHILDREN
_cSLENTZ, K.L
942 _2udc
_cBK
999 _c29884
_d29884